Konatelia - odvody a daň z príjmov
Odvody konateľov spoločností s ručením obmedzeným na zdravotné a sociálne poistenie po 1. januári 2005. Príjmy konateľa ako príjmy zo závislej činnosti a ich zdanenie. Konateľ a sociálne poistenie. Povinnosť konateľa platiť poistné na zdravotné poistenie. Praktické príklady.
Uložené v:
| Hlavný autor: | |
|---|---|
| Médium: | Kapitola |
| Jazyk: | Slovak |
| Predmet: | |
| Tagy: |
Žiadne tagy, Buďte prvý, kto otaguje tento záznam!
|
MARC
| LEADER | 00000naa$a2200000$$$4500 | ||
|---|---|---|---|
| 001 | 0026269 | ||
| 005 | 20231109090411.0 | ||
| 041 | 0 | |a slo | |
| 044 | |a SK | ||
| 245 | 1 | 0 | |a Konatelia - odvody a daň z príjmov |c Jozef Mihál |
| 520 | |a Odvody konateľov spoločností s ručením obmedzeným na zdravotné a sociálne poistenie po 1. januári 2005. Príjmy konateľa ako príjmy zo závislej činnosti a ich zdanenie. Konateľ a sociálne poistenie. Povinnosť konateľa platiť poistné na zdravotné poistenie. Praktické príklady. | ||
| 610 | 2 | 0 | |a dane z príjmov |
| 610 | 2 | 0 | |a poistenie sociálne |
| 610 | 2 | 0 | |a poistenie zdravotné |
| 610 | 2 | 0 | |a odvody |
| 610 | 2 | 0 | |a konatelia |
| 100 | 1 | |a Mihál, Jozef | |